Green Innovations in the Tourism Sector

Ozeleňovanie turistického sektora. Úloha zeleného marketingu v turizme.

Saved in:
Bibliographic Details
Main Author: Gavrilović, Zvjezdana
Other Authors: Maksimović, Mirjana
Format: Book Chapter
Language:English
Subjects:
Tags: Add Tag
No Tags, Be the first to tag this record!

MARC

LEADER 00000nla a2200000 4500
001 0242507
005 20240417075137.5
041 0 |a eng 
044 |a RS 
245 1 0 |a Green Innovations in the Tourism Sector  |c Zvjezdana Gavrilović, Mirjana Maksimović 
520 |a Ozeleňovanie turistického sektora. Úloha zeleného marketingu v turizme. 
610 2 0 |a manažment strategický 
610 2 0 |a riadenie strategické 
610 2 0 |a ruch cestovný 
610 2 0 |a inovácia 
610 2 0 |a marketing 
610 2 0 |a ekológia 
610 2 0 |a prostredie životné 
610 2 0 |a technológie nové 
610 2 0 |a technológie komunikačné 
610 2 0 |a technológie informačné 
100 1 |a Gavrilović, Zvjezdana 
700 1 |a Maksimović, Mirjana